Refractarios

Guardat en:
Dades bibliogràfiques
Autor principal: Norton, F. H. (Frederick Harwood) (autor)
Altres autors: Relea, Fernando (traductor)
Format: Llibre
Idioma:anglès
espanyol
Publicat: Barcelona, España Editorial Blume 1972
Edició:Primera edición española de la 4° edición norteamericana
Matèries:
Etiquetes: Afegir etiqueta
Sense etiquetes, Sigues el primer a etiquetar aquest registre!

MARC

LEADER 00000nam a22000007a 4500
003 CL-VaPUC
005 20220902122752.0
008 210624b ||||| |||| 00| 0 eng d
999 |c 433254  |d 433252 
040 |c Pontificia Universidad Católica de Valparaíso 
041 0 |a spa 
082 0 4 |2 21  |a 620.143 NOR 1972 
100 |a Norton, F. H.  |q (Frederick Harwood)  |e autor  |9 861868 
245 1 0 |a Refractarios 
250 |a Primera edición española de la 4° edición norteamericana 
260 |a Barcelona, España  |b Editorial Blume  |c 1972 
300 |a 466 páginas 
500 |a Donación familia profesor Sergio Soto Silva. Escuela de Mecánica. 
583 |c 20210624  |k Daniel Castañeda 
650 0 0 |9 365590  |a Materiales refractarios 
650 0 0 |9 337401  |a Termoquímica  |x Transferencia de calor 
700 1 |a Relea, Fernando  |e traductor  |9 861869 
942 |2 ddc  |c BK 
952 |0 0  |1 0  |2 ddc  |4 0  |6 620_143000000000000_NOR_1972  |7 0  |9 578275  |a BIBMEC  |b BIBMEC  |d 2021-06-24  |i 5622387  |o 620.143 NOR 1972  |p 5622387  |r 2024-01-19  |t 1  |w 2021-06-24  |y BK  |k MEC